Score 0/20 Timer 05:00
0 Plays Today
% Correct
Jughead Jones
92.9%
Betty Cooper
92.7%
Archie Andrews
92.6%
Veronica Lodge
92.1%
Cheryl Blossom
87.3%
Fred Andrews
84.7%
Kevin Keller
84.2%
Josie McCoy
83.8%
Alice Cooper
83.2%
Hermione Lodge
75.3%
% Correct
Cole Sprouse
45.8%
K.J. Apa
45%
Lili Reinhart
40.4%
Camila Mendes
39.9%
Luke Perry
34.8%
Casey Cott
31.8%
Madelaine Petsch
30%
Ashleigh Murray
23.5%
Marisol Nichols
21%
Mädchen Amick
16.9%
Remove Ads.
Support Sporcle.
Get the best of Sporcle when you Go Orange. This ad-free experience offers more features, more stats, and more fun while also helping to support Sporcle. Thank you for becoming a member.

You're not logged in!

Compare scores with friends on all Sporcle quizzes.
OR
Log In

Sporcle TV

Today on Sporcle TV


Watch our educational content, quiz creation guides, and fun videos on Sporcle TV.

Show Comments

Extras

Top Quizzes Today


Score Distribution

Paid Content

Your Account Isn't Verified!

In order to create a playlist on Sporcle, you need to verify the email address you used during registration. Go to your Sporcle Settings to finish the process.

Report this User

Report this user for behavior that violates our Community Guidelines.

Details: